Quiz o Skępem - Statystyki

Ogólne statystyki
  • Ten quiz został rozwiązany 10 razy
  • Średni wynik to 6 z 16
Statystyki odpowiedzi
Pytanie Odopowiedź % Poprawnych
W jakim historycznym regionie leży Skępe? Ziemia Dobrzyńska
88%
Wielkie
75%
Małe
63%
Jakie zwierzę, będące symbolem miasta, ma swój pomnik na Rynku? Koziołek
50%
W jaki dzień tygodnia odbywają się tutaj rynki na targowisku przy ul. Kolejowej? Środa
50%
W którym roku Skępe uzyskało prawo miejskie? 1445
38%
Nad jakimi jeziorami leży Skępe? Święte
38%
Jaka droga krajowa przebiega przez oddaną w 1987 roku obwodnicę? 10
25%
Imię jakiego słynnego poety, pochodzącego ze Skępego, nosi imię tutejsza szkoła podstawowa? Gustaw Zieliński
25%
Jaka postać jest czczona w klasztorze w Skępem? Matka Boża Skępska
25%
Jaka rzeka przepływa przez te jeziora? Mień
25%
Jak nazywa się grodzisko położone na terenie miasta? Okop
25%
Jak nazywa się burmistrz miasta? Rafał Gołębiewski
25%
Jaka miejscowość została włączona do Skępego wraz z przywróceniem praw miejskich w 1997? Wymyślin
25%
Jaki zakon posługuje w klasztorze w Skępem? Bernardyni
13%
Kto był założycielem miasta? Mikołaj Kościelecki
13%
Nie znaleziono quizów pasujących do podanych kryteriów
Rozkład punktacji
Procent ludzi z każdym wynikiem
Percentyl według liczby udzielonych odpowiedzi
Twoja historia wyników
Nie rozwiązałeś tego quizu